000 00637nam a2200241Ia 4500
003 OSt
005 20221005071402.0
006 a|||||r|||| 00| 0
007 ta
008 221004b |||||||| |||| 00| 0 eng d
024 _a52432
037 _cTextual
040 _aCRL
_cCRL
_beng
041 _2eng
_aeng
082 _aT4.25222.N87<-M87, M7
100 _aBhargava M L
245 0 _aHundred years of Allahabad University
260 _aNew Delhi
_bAshish
_c1987
300 _a376p
_ccm.
650 _aEDUCATION
942 _hT4.25222.N87<-M87, M7
_cTEXL
_2cc
999 _c977742
_d977742